000 00859nam a22002417a 4500
999 _c108591
_d108591
005 20200603151955.0
010 _aA-880746
020 _c28.00
035 _aA-880746
037 _bCen Lib/Ret
082 _a921
_bب ر ک
100 _aسیّد علی وجدی الحسنی
245 _aمولانا برکت الله بھوپالی :
_cسیّد عابد علی وجدی الحسنی
_bانٹقلابی سوانح /
246 _aMaulana Barkat allagh bhopali /
_bby Syed Abid Ali Wajdi-Ul-Husaini
260 _aبھوپال
_bمدھیہ پردیش اردو اکادمی
_c1986 ء
270 _bبھوپال
300 _a288p.
_c20cm(Hb)
650 _aادب -- اردو
650 _aاردوسوانے عمری
650 _aUrdu literature
650 _aUrdu biography
942 _2ddc
_cUR
_h921
_mب ر ک